000
00374nam a22000977a 4500
100
_a
रमेशचन्द्र
_9
79391
245
_a
आसाम की मनोरंजक लोक कथाऍ
260
_a
दिल्ली
_b
गैलेक्सी पब्लिशर्स
_c
2019
650
_a
चिल्ड्रन बुक
_9
159
942
_c
HIN
999
_c
62985
_d
62985